| 000 | 00424nam a2200193Ia 4500 | ||
|---|---|---|---|
| 005 | 20240823032843.0 | ||
| 008 | 240823s9999||||xx |||||||||||||| ||und|| | ||
| 020 | _a978-81-907120-6-4 | ||
| 041 | _aENGLISH | ||
| 082 | _A828.91082 P8 | ||
| 100 | _aAmusu V | ||
| 245 | 0 | _aKaiduraikathambam | |
| 250 | _a1st | ||
| 260 |
_c2008 _bNal |
||
| 500 | _aYES | ||
| 650 |
_aTamil Book _bGeneral |
||
| 942 | _cBK | ||
| 999 |
_c194414 _d194414 |
||